Pla d'equipaments culturals de Castellar del Vallès
Descripción Física:
123 p. : gràf., taules ; 30 cm
MARC
| LEADER | 00000nam a2200000Ia 4500 | ||
|---|---|---|---|
| 001 | 21908 | ||
| 008 | 160829s2009 xx 000 0 cat d | ||
| 080 | |a M-6-260 | ||
| 245 | |a Pla d'equipaments culturals de Castellar del Vallès | ||
| 260 | |a Barcelona : |b Diputació de Barcelona, Ajuntament de Castellar del Vallès, |c 2009 | ||
| 300 | |a 123 p. : |b gràf., taules ; |c 30 cm | ||
| 650 | |a Equipaments culturals |x Castellar del Vallès |9 46138 | ||
| 650 | |a Participació comunitària |x Castellar del Vallès |9 46139 | ||
| 710 | 1 | |a Castellar del Vallès (Catalunya). |b Ajuntament |9 51452 | |
| 710 | 1 | |a Barcelona (Catalunya : Província). |b Diputació |9 52408 | |
| 901 | |a Arxiu | ||
| 942 | |n 1 | ||
| 952 | |0 0 |1 0 |4 0 |6 M6260 |7 1 |9 53023 |a Arxiu |b Arxiu |d 2016-12-01 |l 0 |o M-6-260 |p 21908 |r 2016-12-01 00:00:00 |w 2016-12-01 |y ARXIU | ||
| 999 | |c 56872 |d 56872 | ||